000 00494 a2200181 4500
003 OSt
005 20231212093712.0
008 231210b |||||||| |||| 00| 0 eng d
020 _a9789354321429
040 _coclc
082 _a894.8123
_bEDA/N
100 _aEdamana, Sivan
_910105
245 _aNeuro Area /
_cSivan Edamana
250 _a5th ed.
260 _aKottayam:
_bD C Books,
_c2022.
300 _a272p.
942 _2ddc
_cBK
_h894.8123
_iEDA/N
_k894.8123
_mEDA/N
999 _c44062
_d44062